000 00271nam a22001337a 4500
020 _a0-7214-0733-1
082 _a920
_bCOL/P
100 _aCOLLINS,JOAN
245 _aPOPE JOHN PAUL II
260 _aUK
_bLADY BIRD
300 _a51
650 _aBIOGRAPHY
_zUK
942 _cBK
999 _c6333
_d6333